000 00869nam a2200229Ia 4500
003 OSt
005 20220923220517.0
006 a|||||r|||| 00| 0
007 ta
008 220922b |||||||| |||| 00| 0 hin d
024 _a187,252
037 _cTextual
040 _aARTS
_cARTS
_bhin
041 _2hin
_ahin
082 _aWv1.N5, 152L2
100 _aश्रीवास्तव, प्रभात चन्द्र; श्रीवास्तव, उर्मिला
_9164293
245 0 _aआधुनिक राजनीतिक विचारधाराएं
246 _aĀdhunik rājanītik vichāradhārāean
260 _c1972
942 _hWv1.N5, 152L2
_cTEXL
_2CC
999 _c340329
_d340329